000 00635nam a2200229 i 4500
001 C2-0087208
003 PPAK
005 20180727091305.0
008 970506s1978 at |||| ||||| | eng d
040 _aPPAK
_beng
_cPPAK
_erda
082 0 4 _a895
_223
090 0 0 _a895
_bMAC
_dKIH
100 1 _aMackerras, Colin,
_eauthor
245 1 0 _aChinese theatre and social change since Mao
264 1 _aAustralia :
_bAustralian National University ,
_c1978
300 _a24 pages ;
_c30 cm
336 _2rdacontent
_atext
337 _2rdamedia
_aunmediated
338 _2rdacarrier
_avolume
650 1 0 _aChinese theater
942 _ddc
_cB
999 _c18036
_d18036